Les 10 joueurs les plus titrés du football - Statistiques

Statistiques générales
  • Ce quiz a été pris 1 413 fois
  • Le résultat moyen est 5 sur 10
Statistiques - réponses
Top Nb trophées Club "principaux" du joueur Joueur % Correct
2 42 Barcelone Lionel Messi
100%
3 38 Barcelone Andres Iniesta
80%
1 43 Barcelone Dani Alves
76%
10 34 Barcelone Xavi
74%
6 35 Barcelone Gérard Piqué
55%
8 34 Barcelone Sergio Busquets
52%
5 36 Manchester United Ryan Giggs
36%
4 37 Barcelone / PSG Maxwell
25%
7 35 Celtic / Liverpool Kenny Dalglish
12%
9 34 Porto Vitor Baia
3%
Aucun quiz correspondant
Distribution des résultats
% des personnes avec chaque résultat
Percentile par nombre de réponses
Votre historique - résultats
Vous n’avez pas pris ce quiz